Statistiques concernant Personnages de The 100

Cliquez ici pour prendre le quiz!

Statistiques générales

  • Ce quiz a été pris 254 fois
  • Le résultat moyen est 15 sur 20

Statistiques - réponses

HintRéponse% Correct
A tiré sur le chancelierBellamy
95%
WanhedaClarke
94%
BlodreinaOctavia
94%
MécanoRaven
93%
Génie de l'informatiqueMonty
90%
Gentil natifLincoln
89%
Se prend une lance dans la saison 1Jasper
88%
HedaLexa
87%
A faillit être pendu dans la saison 1Murphy
86%
Chancelier de la saison 1Thelonious Jaha
85%
MédecinAbby
84%
Guerrière de TrikruIndra
78%
A tué 26 innocentsFinn
77%
Petite amie de MontyHarper
74%
Vient d'AzgedaEcho
60%
NégociateurMarcus
58%
A provoqué l'apocalypse il y a 97 ansAlie
57%
Fille d'IndraGaia
56%
Poignardé dans la saison 1Wells
44%
Méchant de la saison 3Pike
35%

Distribution des résultats

Percentile par nombre de réponses

% des personnes avec chaque résultat

Votre développement - résultats

Vous n’avez pas pris ce quiz